<?xml version="1.0" encoding="UTF-8"?>
<marc:record xmlns:marc="http://www.loc.gov/MARC21/slim">
   <marc:leader>00000nam a2200000 a 4500</marc:leader>
   <marc:datafield ind1="1" ind2=" " tag="100">
      <marc:subfield code="a">McDonagh, Martine</marc:subfield>
      <marc:subfield code="4">aut</marc:subfield>
      <marc:subfield code="e">Verfasser/-in</marc:subfield>
   </marc:datafield>
   <marc:datafield ind1="0" ind2="0" tag="245">
      <marc:subfield code="a">Familie und andere Trostpreise</marc:subfield>
   </marc:datafield>
   <marc:datafield ind1="0" ind2="0" tag="245">
      <marc:subfield code="b">Roman</marc:subfield>
   </marc:datafield>
   <marc:datafield ind1="0" ind2="0" tag="245">
      <marc:subfield code="c">Martine McDonagh</marc:subfield>
   </marc:datafield>
   <marc:datafield ind1="1" ind2=" " tag="520">
      <marc:subfield code="a">Sonny hat eine Menge Neurosen, und es erscheint ihm völlig normal, die Flucht zu ergreifen, wenn Menschen in seiner Gegenwart diese seltsamen Knutsch- und Sauge-Geräusche mit ihren Mündern machen. Und dann ist da noch seine Umschlagophobie, die Riesenangst vor Briefumschlägen! Leider erbt Sonny an seinem 21. Geburtstag nicht nur ein Vermögen, sondern bekommt auch fünf geheimnisvolle Briefe. Nur sie können ihm helfen, endlich mehr über sich und seine merkwürdige Familie herauszufinden. Doch wie soll er anfangen, wenn er sich noch nicht einmal traut, die Umschläge zu öffnen?</marc:subfield>
   </marc:datafield>
   <marc:datafield ind1=" " ind2=" " tag="500">
      <marc:subfield code="a">aus dem englischen übersetzt</marc:subfield>
   </marc:datafield>
</marc:record>
